000 00305nam a22001337a 4500
008 210302b ||||| |||| 00| 0 eng d
020 _a9780132275620
041 _aeng
080 _24th
_a82
100 _a21
101 _aGJL
245 _aLiterature of the Western World
_cWilkie ,B
942 _2udc
_cBK
999 _c55491
_d55491